Value for money in health spending

Salvato in:
Dettagli Bibliografici
Natura: Libro
Lingua:inglese
Pubblicazione: Paris OECD 2010
Serie:OECD health policy studies
Soggetti:
Tags: Aggiungi Tag
Nessun Tag, puoi essere il primo ad aggiungerne!!

MARC

LEADER 00000nam a2200000 4500
001 0126479
005 20240315121414.9
020 |a 978-92-64-08880-1 
041 0 |a eng 
044 |a FR 
245 1 0 |a Value for money in health spending 
264 1 |a Paris  |b OECD  |c 2010 
300 |a 200 s. 
490 1 |a OECD health policy studies 
830 0 |a OECD health policy studies 
610 2 0 |a zdravie 
610 2 0 |a starostlivosť zdravotná 
610 2 0 |a zdravotníctvo verejné 
610 2 0 |a financovanie 
610 2 0 |a lekárnictvo 
610 2 0 |a porovnanie medzinárodné